000
00332nam a22001457a 4500
008
210609b ||||| |||| 00| 0 eng d
020
_a
0442255454
041
_a
eng
080
_2
4th
_a
541
082
_a
541
100
_a
12
101
_a
KIM
245
_a
Chemistry a Conceptual Approach
_c
Charles E. Mortimer
942
_2
udc
_c
BK
999
_c
58114
_d
58114